[Event "23rd ETCC Open 2021"]
[Site "Catez"]
[Date "2021.11.20"]
[Round "8.39"]
[White "Skoberne, Jure"]
[Black "Postny, Evgeny"]
[Result "1/2-1/2"]
[WhiteElo "2562"]
[BlackElo "2557"]
[Annotator "ChessBase"]
[PlyCount "73"]
[EventDate "2021.11.08"]
[EventType "team-tourn"]
[EventCountry "SLO"]
[SourceTitle "playchess.com"]
[Source "ChessBase"]
[SourceQuality "1"]
[WhiteTeam "Slovenia"]
[BlackTeam "Israel"]
[WhiteTeamCountry "SLO"]
[BlackTeamCountry "ISR"]
[TimeControl "40/5400+30:1800+30"]

1. d4 d5 2. Nf3 Nf6 3. Bf4 e6 4. e3 Bd6 5. Nbd2 Bxf4 6. exf4 O-O 7. c3 b6 8. h4
c5 9. h5 Ba6 10. Bxa6 Nxa6 11. Qe2 Nb8 12. Ne5 Nfd7 13. h6 g6 14. Ndf3 f6 15.
Nxg6 hxg6 16. Qxe6+ Kh7 17. O-O-O Qe8 18. f5 Qxe6 19. fxe6 c4 20. Rde1 Re8 21.
Nh2 b5 22. Ng4 f5 23. exd7 Nxd7 24. Ne5 Nf6 25. Nf7 Ne4 26. Re2 Rf8 27. Ne5 g5
28. Rh3 g4 29. Rh4 Rg8 30. f3 gxf3 31. gxf3 Rg1+ 32. Kc2 Ng3 33. Rd2 Rf8 34.
Rd1 Rg2+ 35. Rd2 Rg1 36. Rd1 Rg2+ 37. Rd2 1/2-1/2

[Event "23rd ETCC Open 2021"]
[Site "Catez"]
[Date "2021.11.20"]
[Round "8.40"]
[White "Boruchovsky, Avital"]
[Black "Janzelj, Tim"]
[Result "1-0"]
[WhiteElo "2542"]
[BlackElo "2474"]
[Annotator "ChessBase"]
[PlyCount "103"]
[EventDate "2021.11.08"]
[EventType "team-tourn"]
[EventCountry "SLO"]
[SourceTitle "playchess.com"]
[Source "ChessBase"]
[SourceQuality "1"]
[WhiteTeam "Israel"]
[BlackTeam "Slovenia"]
[WhiteTeamCountry "ISR"]
[BlackTeamCountry "SLO"]
[TimeControl "40/5400+30:1800+30"]

1. c4 e6 2. Nc3 d5 3. d4 Nf6 4. cxd5 exd5 5. Bg5 Be7 6. e3 Nbd7 7. Bd3 c6 8.
Qc2 h6 9. Bh4 Nh5 10. Bxe7 Qxe7 11. Nge2 Nb6 12. O-O O-O 13. Rae1 Bd7 14. Nc1
f5 15. Be2 Nf6 16. Nd3 Nc4 17. b3 Nd6 18. Ne5 Be8 19. Bd3 Nd7 20. f4 Nxe5 21.
fxe5 Ne4 22. Qb2 Bd7 23. b4 a5 24. bxa5 Be6 25. a6 bxa6 26. Na4 a5 27. Qc2 Rac8
28. Rc1 Qa3 29. Qb3 Qe7 30. Bxe4 dxe4 31. Qc3 Qb4 32. Qxb4 axb4 33. Nb6 Rb8 34.
Rxc6 Bxa2 35. Rf2 b3 36. Rb2 f4 37. Kf2 f3 38. g3 Rfe8 39. e6 Kh7 40. d5 Kg6
41. e7+ Kf7 42. d6 Rh8 43. Nd7 Rb5 44. Rc5 Rxc5 45. Nxc5 Rb8 46. Nxe4 Ke6 47.
Kxf3 Kd7 48. Ke2 Rc8 49. Kd3 Rc6 50. Kd4 Rc2 51. Nc5+ Ke8 52. Ne6 1-0

[Event "23rd ETCC Open 2021"]
[Site "Catez"]
[Date "2021.11.20"]
[Round "8.41"]
[White "Vocaturo, Daniele"]
[Black "Yilmaz, Mustafa"]
[Result "1/2-1/2"]
[WhiteElo "2632"]
[BlackElo "2626"]
[Annotator "TA"]
[PlyCount "118"]
[EventDate "2021.11.08"]
[EventType "team-tourn"]
[EventCountry "SLO"]
[SourceTitle "playchess.com"]
[Source "ChessBase"]
[SourceQuality "1"]
[WhiteTeam "Italy"]
[BlackTeam "Turkey"]
[WhiteTeamCountry "ITA"]
[BlackTeamCountry "TUR"]

{[%evp 19,118,0,2,3,21,5,16,0,6,16,18,0,15,15,15,15,15,24,14,0,0,0,35,19,61,55,
51,28,47,37,55,50,71,77,89,22,22,25,51,42,22,22,44,41,48,9,41,26,34,0,22,0,0,0,
0,-15,8,0,0,0,0,-35,-8,-8,-8,-8,-8,-8,-8,-8,-8,-8,-8,-8,-8,-8,-8,-8,-8,-8,0,-8,
-8,-8,-8,-8,-8,-11,-11,-11,-11,-12,-11,-11,-11,-91,-91,-91,-91,-91,-91]} 1. e4
c5 2. Nf3 d6 3. d4 cxd4 4. Nxd4 Nf6 5. Nc3 a6 6. g3 e5 7. Nb3 Be7 8. Bg2 O-O 9.
O-O Be6 10. a4 Nbd7 11. Re1 {B91: Sicilian Najdorf: 6 g3.} Qc7 12. h3 Rfc8 13.
Be3 {The position is equal.} h6 {[#]} 14. Kh2 $146 ({Predecessor:} 14. Nd2 Qc6
15. Nb3 Bd8 16. Re2 Bb6 17. Nd5 Bxd5 18. exd5 Qc7 19. Bc1 Nh5 20. Kh2 {0-1 (67)
Hong,A (2453)-Hakobyan,A (2598) Las Vegas 2021}) 14... Rab8 15. f4 Nb6 16. Nd2
Nc4 17. Nxc4 Qxc4 18. a5 Bd7 19. Qd3 Qxd3 20. cxd3 Bc6 21. d4 exd4 22. Bxd4 Nd7
23. Red1 Re8 24. Rd2 Bf6 25. Rad1 Bxd4 26. Rxd4 Nc5 27. Rc4 (27. b4 $16 Na4 28.
Nb1) 27... Nb3 $11 28. Rxd6 Nxa5 29. Rcd4 Nb3 30. Rb4 Nc5 31. Rc4 Ne6 32. Nd5
Kf8 33. e5 Bb5 34. Rc3 Red8 35. Nb6 Rxd6 36. exd6 Rd8 37. Nc8 Rd7 38. Kg1 Ke8
39. Kf2 Nd4 40. Rc7 Rxc7 41. dxc7 $15 {[%mdl 4096] Endgame KBN-KBN} Kd7 {
[%mdl 64] [#] Double Attack} 42. Nd6 Kxc7 43. Nxf7 Bc6 44. Bf1 Bd5 45. Ne5 Kd6
46. Bd3 a5 47. Ke3 Nc6 48. Nxc6 Bxc6 $11 {KB-KB} 49. Kd4 b5 50. g4 g5 51. f5 a4
52. Be4 {[#] Bxc6 is the strong threat.} Bd7 53. Kc3 {Threatening Kb4.} Kc5 54.
b4+ $1 axb3 55. Kxb3 b4 56. Bd3 $1 Bc6 57. Bc4 (57. Bf1 $1 $11) 57... Bf3 {
Black is better.} 58. f6 {Hoping for f7.} Bd1+ 59. Kb2 Kd6 {Weighted Error
Value: White=0.11/Black=0.07} ({Don't blunder} 59... Kxc4 $2 60. f7 $18)
1/2-1/2

[Event "23rd ETCC Open 2021"]
[Site "Catez"]
[Date "2021.11.20"]
[Round "8.42"]
[White "Dastan, Muhammed Batuhan"]
[Black "Moroni, Luca Jr"]
[Result "1/2-1/2"]
[WhiteElo "2572"]
[BlackElo "2580"]
[Annotator "TA"]
[PlyCount "354"]
[EventDate "2021.11.08"]
[EventType "team-tourn"]
[EventCountry "SLO"]
[SourceTitle "playchess.com"]
[Source "ChessBase"]
[SourceQuality "1"]
[WhiteTeam "Turkey"]
[BlackTeam "Italy"]
[WhiteTeamCountry "TUR"]
[BlackTeamCountry "ITA"]

{[%evp 9,354,7,30,26,35,27,41,25,31,0,0,0,0,0,0,0,8,-19,-11,-17,-10,-12,-17,
-17,-10,-9,0,-8,-8,-10,0,-20,-20,-39,0,-11,0,0,0,0,4,-3,22,14,43,-147,-160,
-156,-160,-160,-160,-160,-160,-154,-154,-146,-129,-124,-122,-122,-122,-122,
-122,-122,-117,-121,-116,-116,-108,-110,-93,-111,-114,-100,-99,-102,-81,-81,
-81,-87,-79,-77,-58,-92,-92,-103,-103,-89,-92,-98,-98,-96,-96,-97,-94,-108,
-108,-108,-99,-106,-97,-115,-114,-115,-110,-113,-94,-94,-94,-90,-86,-99,-98,
-125,-125,-123,-121,-118,-110,-103,-103,-154,-147,-123,-75,-75,-75,-68,-68,-68,
-68,-68,-68,-68,-68,-68,-68,-72,-72,-75,-57,-57,-52,-58,-52,-52,-52,-52,-52,
-52,-52,-52,-52,-52,-52,-52,-22,-52,0,0,0,0,0,0,0,0,0,0,0,0,0,0,0,0,0,0,0,0,0,
0,0,0,0,0,0,0,0,0,0,0,0,0,0,0,0,0,0,0,0,0,0,0,0,0,0,0,0,0,0,0,0,0,0,0,0,0,0,0,
0,0,0,0,0,0,0,0,0,0,0,0,0,0,0,0,0,0,0,0,0,0,0,0,0,0,0,0,0,0,0,0,0,0,0,0,0,0,0,
0,0,0,0,0,0,0,0,0,0,0,0,0,0,0,0,0,0,0,0,0,0,0,0,0,0,0,0,0,0,0,0,0,0,0,0,0,0,0,
0,0,0,0,0,0,0,0,0,0,0,0,0,0,0,0,0,0,0,0,0,0,0,0,0,0,0,0,0,0,0,0,0,0,0,0,0,0,0,
0,0,0,0,0,-40,0,0,0,0,0,0]} 1. d4 d5 2. Nf3 Nf6 3. Bf4 c5 4. e3 Nc6 5. Nbd2 Nh5
6. dxc5 {D02: 1 d4 d5 2 Nf3 sidelines, including 2...Nf6 3 g3 and 2...Nf6 3
Bf4.} Nxf4 7. exf4 Qa5 8. c4 {White is slightly better.} e6 9. cxd5 exd5 {[#]}
10. Bd3 $146 ({Predecessor:} 10. a3 Qxc5 11. Bd3 Qe7+ 12. Be2 Qf6 13. O-O Qxf4
14. Re1 Be7 15. Bb5 Be6 16. g3 {1-0 (44) Tabatabaei,M (2629)-Ter Sahakyan,S 
(2640) Chess.com INT 2021}) 10... Bxc5 11. O-O Be7 12. Re1 O-O 13. Rc1 {
Rxc6! is the strong threat.} Bf6 14. Ne5 $1 Qb4 15. Nxc6 ({Of course not} 15.
Qh5 g6 $17) 15... bxc6 16. Rxc6 Qxf4 17. g3 Qd4 18. Nb3 Qg4 19. Qc2 h6 20. Re3
Bd7 21. Rc7 Ba4 22. Bh7+ Kh8 23. Bf5 Qb4 24. Qc5 Qb6 25. Rd3 Bxb2 26. Rxd5 Rfe8
27. Rd6 $2 (27. Qc4 $14 {keeps the upper hand.}) 27... Qxc5 $17 28. Nxc5 {[#]}
Be5 $1 {[%mdl 64] Skewer} 29. Nxa4 (29. Rxf7 Bxd6) 29... Bxd6 30. Rxf7 Rf8 31.
Rxf8+ Rxf8 {[%mdl 4096] Endgame KRB-KBN} 32. Be6 Rf3 33. Bb3 Rd3 34. Nb2 Rd2
35. Nc4 Rd4 36. h4 Bc7 37. Kf1 a5 38. Nb2 Re4 39. Bc2 Re6 40. Bb3 Rf6 41. Ke2
Bb6 42. Nd3 Bd4 43. h5 g5 44. hxg6 Rxg6 45. Nf4 Rf6 46. Bc2 Rb6 47. Nd3 Re6+
48. Kf3 Kg7 49. Bb3 Re8 50. Ba4 Rc8 51. Bb3 Kf6 52. Ke2 Ke7 53. Kf3 Kd6 54. Ke2
Kc6 55. Ba4+ Kb6 56. Nf4 Rc1 57. Nd3 Ra1 58. Bb3 a4 59. Bc4 a3 60. Kd2 Rh1 61.
Bf7 Kc6 62. Ke2 Kd6 63. Bc4 Rb1 64. Kf3 Rb8 {Strongly threatening ...Rc8.} 65.
Ke4 {[#]} (65. Ke2 $142) 65... Ba7 $1 66. f4 Rb1 67. g4 Ke7 68. g5 hxg5 69.
fxg5 Bb8 70. g6 {Black must now prevent g7.} Kf6 71. Bf7 {[#]} Rb2 $1 72. Kd4 (
72. Kf3 Rb5) 72... Bd6 73. Ke4 Re2+ 74. Kd4 Bf8 {And now ...Rh2 would win.} 75.
Nf4 Rh2 {Hoping for ...Rh4.} (75... Re1 {looks sharper.} 76. Nh5+ Ke7 77. Nf4
Bg7+ 78. Kd3 Bb2) 76. Kc3 Rh4 77. Nd5+ Ke5 78. Nc7 Rh3+ 79. Kc4 Rh2 80. Kd3 Bh6
81. Ne8 Rd2+ 82. Kc3 {aiming for g7.} Rd8 {White should prevent ...Rb8.} (82...
Rg2 {feels hotter.} 83. Kb3 Bf8 84. Kc3 Kf5 85. Kd4 Kf4) 83. Kb3 Bf8 (83...
Rd3+ $15 84. Ka4 Rg3) 84. g7 $11 Rb8+ 85. Ka4 Bxg7 86. Nxg7 Rb7 87. Bb3 Rxg7
88. Kxa3 {KR-KB} Kd4 89. Kb2 Rg5 90. Bf7 Rg2+ 91. Kb3 Rg7 92. Be6 Re7 93. Bf5
Re5 94. Bg6 Re3+ 95. Kc2 Rc3+ 96. Kb2 Rc6 97. Bf7 Kd3 98. Bg8 Rb6+ 99. Kc1 Kc3
100. Kd1 (100. Bb3 {is more complex.} Rb4 101. Bd1 Rb7 102. Bc2 Rb4 103. Bh7)
100... Rb8 101. Bb3 Re8 102. Bf7 Re7 103. Bb3 Kd3 (103... Re3 {is more complex.
} 104. Bf7 Rh3 105. Bg6 Kb2 106. a4 Rh1+) 104. Bc2+ Ke3 105. Bb3 Rc7 106. Be6
Rc5 107. Bf7 Rc6 108. Bg8 Rg6 109. Bb3 Rg2 110. Be6 Rd2+ (110... Kd4 {keeps
more tension.} 111. Bb3 Rf2 112. Kc1 Kc5 113. Bd1 Rxa2 114. Bf3 Kb6) 111. Ke1
Rf2 112. Bb3 Rh2 {[%cal Rh2h1]} (112... Rb2 {feels hotter.} 113. Kf1 Rh2 114.
Bd5 Rh5 115. Bb3 Rf5+) 113. Kd1 Re2 (113... Rh1+ {feels hotter.} 114. Kc2 Rh5
115. a4 Ra5 116. Kc3 Ra8) 114. Bc4 Rd2+ 115. Kc1 $1 Rd4 116. Bb3 Kd3 117. Kd1
Rh4 {[%cal Rh4h1]} (117... Kc3+ {is interesting.} 118. Kc1 Rf4 119. Bd1 Rf1
120. a4 Rf5) 118. Bc2+ Ke3 {[%cal Rh4h1]} (118... Kd4 {seems wilder.} 119. Bb3
Re4 120. Kc2 Re2+ 121. Kd1 Re7) 119. Bb3 Rh2 120. Bc4 Rf2 121. Bg8 Rd2+ (121...
Rg2 {seems wilder.} 122. Bb3 Rh2) 122. Kc1 $1 Kd3 123. Bc4+ Kc3 124. Bb3 Rd4 (
124... Rg2 {feels hotter.} 125. Bd1 Rg5 126. Bb3 Re5 127. Bd1 Re1) 125. Bd1 $1
Rf4 126. Be2 Rh4 (126... Kb4 {seems wilder.} 127. Kd2 Rf2 128. Ke1 Rf5 129. Bd1
Kc3) 127. Bf3 Rh3 128. Bc6 (128. Bd1 {is interesting.} Rh1 129. a3 Kd4 130. a4
Kc5 131. a5) 128... Rh6 (128... Rg3 {with more complications.} 129. Ba4 Kb4
130. Bc2 Ra3 131. Kb2 Ra5) 129. Bd5 Rg6 {[%cal Rg6g1]} (129... Kb4 {is more
complex.} 130. Bb3 Kb5 131. Bc2 Kc5 132. Kb2 Rd6) 130. Bb3 Rg1+ 131. Bd1 Re1
132. a4 Re5 133. Bg4 (133. a5 {keeps more tension.} Re6 134. a6 Rxa6 135. Kb1
Rb6+ 136. Ka2) 133... Re4 134. Bf3 Re1+ 135. Bd1 Rg1 (135... Kd3 $5) 136. a5
Rg5 (136... Rf1 {with more complications.} 137. a6 Rg1 138. a7 Rg8 139. Bf3
Rg1+) 137. Bf3 (137. a6 {is interesting.} Rf5 138. Bg4 Ra5 139. Kb1 Kd3 140. a7
) 137... Rf5 (137... Rg1+ {with more complications.} 138. Bd1) 138. Bg4 Rg5 (
138... Rf1+ {looks sharper.} 139. Bd1 Rf6 140. a6 Rxa6 141. Kb1 Rb6+) 139. Bf3
Rxa5 {[%cal Ra5a1]} (139... Rg3 {is interesting.} 140. Bh5 Rh3 141. Bd1 Rh6
142. a6 Rxa6 143. Kb1 Rb6+) 140. Kb1 Re5 141. Bg4 $1 Rb5+ (141... Re1+ {
feels hotter.} 142. Ka2 Re5 143. Kb1) 142. Ka2 Re5 (142... Rb2+ {is
interesting.} 143. Ka1 Rb6 144. Bd7 Kb3 145. Kb1 Kc3+) 143. Kb1 Rg5 (143...
Re1+ {with more complications.} 144. Ka2 Re5) 144. Be6 (144. Bh3 {feels hotter.
} Rg6 145. Ka2 Ra6+ 146. Kb1 Rh6 147. Bd7) 144... Rg6 (144... Rg1+ {is more
complex.} 145. Ka2 Rg2+ 146. Ka1 Kc2 147. Bc4 Rh2) 145. Bf7 Rb6+ (145... Rg1+ {
with more complications.} 146. Ka2 Rg2+ 147. Ka1 Rf2 148. Be6 Kc2) 146. Ka1 Rc6
(146... Rb2 {with more complications.} 147. Be6 Kc2 148. Bg8 Rb1+ 149. Ka2 Rb8)
147. Kb1 Rf6 (147... Rc5 {seems wilder.} 148. Be6 Rc7 149. Ka2 Rc6 150. Bf7 Rb6
) 148. Bg8 Rg6 (148... Rf1+ {keeps more tension.} 149. Ka2 Rf8 150. Be6 Rf6
151. Bg8 Rh6) 149. Bf7 Rg3 (149... Rg1+ {keeps more tension.} 150. Ka2 Rg2+
151. Ka1 Rf2 152. Be6 Kc2) 150. Be6 Rg7 (150... Rg1+ {looks sharper.} 151. Ka2
Rg2+ 152. Kb1 Rg3 153. Bf7 Rg1+) 151. Ka2 Rg2+ 152. Kb1 Re2 (152... Rg1+ {
is interesting.} 153. Ka2 Rg2+) 153. Bf7 (153. Bg8 {keeps more tension.} Re1+
154. Ka2 Re2+ 155. Kb1) 153... Re5 (153... Re1+ {seems wilder.} 154. Ka2 Rf1
155. Bd5 Rf6 156. Kb1 Rd6) 154. Ka2 Re7 (154... Re1 {feels hotter.} 155. Bd5
Re2+ 156. Ka1 Rb2 157. Bf7 Rd2) 155. Bg8 Kc2 {[%cal Re7a7]} (155... Re2+ {
is more complex.} 156. Kb1 Re1+ 157. Ka2 Re2+) 156. Ka1 (156. Bb3+ {feels
hotter.} Kd3 157. Bd5 Re5 158. Bf7 Rb5 159. Ka3) 156... Rg7 (156... Re1+ {
seems wilder.} 157. Ka2 Kc3 158. Bd5 Re2+ 159. Ka1 Rb2) 157. Be6 (157. Bc4 {
is interesting.} Rc7 158. Bd5 Rc5 159. Bf7 Rg5 160. Be6) 157... Rg2 158. Bf7
Rg4 (158... Rg1+ {looks sharper.} 159. Ka2 Rg7 160. Bb3+ Kd2 161. Kb2 Rb7) 159.
Be6 Rg7 (159... Rg1+ {keeps more tension.} 160. Ka2 Re1 161. Bb3+ Kc3 162. Bf7
Rf1) 160. Bf5+ (160. Bd5 {looks sharper.} Rg5 161. Be6 Rh5 162. Bf7 Rg5 163.
Be6) 160... Kc1 {[%cal Rg7a7]} 161. Be6 (161. Bb1 {is interesting.} Rg2 162.
Ba2 Rb2 163. Bc4 Rd2 164. Ba2) 161... Ra7+ (161... Rg1 {with more
complications.} 162. Bf7 Rg2 163. Bd5 Re2 164. Bg8 Rh2) 162. Ba2 Rb7 (162...
Ra3 {is more complex.}) 163. Bd5 (163. Bc4 {with more complications.} Rb8 164.
Bf7 Kc2 165. Bd5 Rb1+ 166. Ka2) 163... Rb5 (163... Rb1+ {feels hotter.} 164.
Ka2 Rb2+ 165. Ka3 Rd2 166. Bc6 Rd6) 164. Bc4 Rb6 (164... Rb1+ {seems wilder.}
165. Ka2 Rb4 166. Bb3 Rb6 167. Bd5 Kc2) 165. Bd5 Kc2 (165... Rb1+ {is
interesting.} 166. Ka2 Rb2+ 167. Ka3 Rd2 168. Bc6 Rd6) 166. Be4+ Kc3 (166...
Kd2 {feels hotter.} 167. Bf5 Ra6+ 168. Kb1 Rb6+ 169. Ka2 Kc3) 167. Bd5 Rb2 168.
Bf7 Rf2 (168... Kc2 {is interesting.} 169. Bg8 Rb1+ 170. Ka2 Rb8 171. Bd5 Rb5)
169. Bg8 Rg2 (169... Rf1+ {with more complications.} 170. Ka2 Rf8 171. Be6 Rf6
172. Bg8 Rh6) 170. Be6 (170. Bf7 {is more complex.} Rf2) 170... Rg5 (170...
Rg1+ {is interesting.} 171. Ka2 Rg2+) 171. Kb1 Rb5+ (171... Rg1+ {looks
sharper.} 172. Ka2 Rg2+) 172. Ka1 Kc2 173. Bf7 Rb6 174. Bd5 Ra6+ 175. Ba2 Rb6 {
The position is equal.} 176. Bd5 Rb4 177. Bf7 Rb6 {Black had all chances to
win.  Weighted Error Value: White=0.11/Black=0.05} 1/2-1/2

[Event "23rd ETCC Open 2021"]
[Site "Catez"]
[Date "2021.11.20"]
[Round "8.43"]
[White "Sonis, Francesco"]
[Black "Can, Emre"]
[Result "1/2-1/2"]
[WhiteElo "2536"]
[BlackElo "2570"]
[Annotator "ChessBase"]
[PlyCount "146"]
[EventDate "2021.11.08"]
[EventType "team-tourn"]
[EventCountry "SLO"]
[SourceTitle "playchess.com"]
[Source "ChessBase"]
[SourceQuality "1"]
[WhiteTeam "Italy"]
[BlackTeam "Turkey"]
[WhiteTeamCountry "ITA"]
[BlackTeamCountry "TUR"]
[TimeControl "40/5400+30:1800+30"]

1. c4 Nf6 2. Nc3 g6 3. g3 Bg7 4. Bg2 O-O 5. d4 d6 6. Nf3 c6 7. O-O Qb6 8. h3
Qa6 9. Qb3 Nbd7 10. Be3 Nb6 11. Nd2 e5 12. dxe5 dxe5 13. a4 Be6 14. Nb5 Rac8
15. Rfc1 Nfd7 16. Nxa7 Qxa7 17. a5 f5 18. axb6 Qb8 19. Nf3 h6 20. Bd2 c5 21. e4
Rc6 22. Nh4 Rxb6 23. Qc2 Qe8 24. exf5 gxf5 25. Ba5 Rd6 26. Bxb7 e4 27. Rd1 Qb8
28. Rxd6 Qxd6 29. Bc3 Bxc3 30. Qxc3 Qd4 31. Bd5 Bxd5 32. cxd5 Ne5 33. Qe3 Qxe3
34. fxe3 Rb8 35. Ra2 Rf8 36. Ra5 Rb8 37. Ra2 Rf8 38. Ra5 Nd3 39. Rb5 Kg7 40.
Rb7+ Kf6 41. Rb6+ Kg7 42. d6 Ne5 43. Rb5 Kf6 44. Rxc5 Rd8 45. Rd5 Ke6 46. Rd4
Rb8 47. d7 Nxd7 48. Nxf5 Kxf5 49. Rxd7 Rxb2 50. Rd5+ Kf6 51. Rh5 Kg6 52. Rh4
Rb4 53. Rf4 Rb1+ 54. Kf2 Rb2+ 55. Ke1 Rg2 56. Rg4+ Kf5 57. Kf1 Ra2 58. Rf4+ Ke5
59. Rh4 Ra1+ 60. Ke2 Ra2+ 61. Kd1 Ra1+ 62. Kd2 Ra2+ 63. Kc1 Ra1+ 64. Kb2 Re1
65. Rh5+ Ke6 66. Rxh6+ Kd5 67. Rg6 Rxe3 68. Kc2 Kd4 69. Rd6+ Ke5 70. Rg6 Kd4
71. Rd6+ Ke5 72. Rg6 Kd4 73. Rd6+ Ke5 1/2-1/2

[Event "23rd ETCC Open 2021"]
[Site "Catez"]
[Date "2021.11.20"]
[Round "8.44"]
[White "Sanal, Vahap"]
[Black "Lodici, Lorenzo"]
[Result "1-0"]
[WhiteElo "2590"]
[BlackElo "2529"]
[Annotator "ChessBase"]
[PlyCount "97"]
[EventDate "2021.11.08"]
[EventType "team-tourn"]
[EventCountry "SLO"]
[SourceTitle "playchess.com"]
[Source "ChessBase"]
[SourceQuality "1"]
[WhiteTeam "Turkey"]
[BlackTeam "Italy"]
[WhiteTeamCountry "TUR"]
[BlackTeamCountry "ITA"]
[TimeControl "40/5400+30:1800+30"]

1. Nf3 d5 2. b3 Bg4 3. Bb2 e6 4. g3 a5 5. Bg2 a4 6. O-O Nf6 7. c4 c6 8. bxa4
Nbd7 9. cxd5 exd5 10. d3 Be7 11. Bc3 O-O 12. Nbd2 Ne8 13. a5 Nd6 14. Nb3 Bf6
15. Qd2 Re8 16. Rfe1 c5 17. Bxf6 Qxf6 18. Rac1 c4 19. Nbd4 Nc5 20. Qb4 Rac8 21.
Nb5 Nxb5 22. Qxb5 c3 23. h3 Bxf3 24. Bxf3 Red8 25. Bg2 Qd4 26. Rc2 Qf6 27. h4
g6 28. Rb1 Rc7 29. Rb4 Na6 30. Rf4 Qe5 31. d4 Qd6 32. Qb3 Qb4 33. Bxd5 Rxd5 34.
Qxd5 Qb1+ 35. Kg2 Qxc2 36. Qd8+ Kg7 37. d5 f5 38. d6 Rf7 39. Qe8 Qxa2 40. Rd4
Qxa5 41. d7 c2 42. d8=Q Qxd8 43. Rxd8 c1=Q 44. Qg8+ Kf6 45. Rd6+ Ke5 46. Qd8
Nc7 47. f4+ Ke4 48. Re6+ Nxe6 49. Qd3# 1-0

[Event "23rd ETCC Open 2021"]
[Site "Catez"]
[Date "2021.11.20"]
[Round "8.45"]
[White "Navara, David"]
[Black "Gretarsson, Hjorvar Steinn"]
[Result "1-0"]
[WhiteElo "2699"]
[BlackElo "2574"]
[Annotator "TA"]
[PlyCount "81"]
[EventDate "2021.11.08"]
[EventType "team-tourn"]
[EventCountry "SLO"]
[SourceTitle "playchess.com"]
[Source "ChessBase"]
[SourceQuality "1"]
[WhiteTeam "Czech Republic"]
[BlackTeam "Iceland"]
[WhiteTeamCountry "CZE"]
[BlackTeamCountry "ISL"]

{[%evp 9,81,0,9,10,13,3,12,2,13,0,53,53,75,25,24,37,39,32,41,12,16,23,42,0,0,0,
0,0,0,23,0,0,0,0,0,0,41,48,44,41,45,43,158,167,147,143,143,143,362,336,360,209,
206,206,220,214,212,212,211,144,144,78,311,294,415,402,397,381,561,555,682,659,
702,678]} 1. e4 c5 2. Nf3 d6 3. Bb5+ Nd7 {[%cal Bb8d7,Bd7c5,Bc5e6,Be6d4][%mdl
32]} 4. d4 Ngf6 5. O-O cxd4 6. Qxd4 {B51: Sicilian: Moscow Variation (3 Bb5+)
without 3...Bd7.} a6 7. Be2 e5 8. Qe3 {The position is equal.} Nc5 9. Nc3 {[#]}
Be6 $146 ({Better is} 9... Be7 $11) ({Predecessor:} 9... Be7 10. Rd1 Ng4 11.
Qd2 Nf6 12. Qe3 Bd7 13. a4 Ng4 14. Qd2 Nf6 15. Qe3 Ng4 16. Qd2 Nf6 {1/2-1/2 
(18) Lupulescu,C (2645)-Navara,D (2691) Legnica 2021}) 10. Ng5 $14 Rc8 11. Nxe6
(11. b4 $5 {[%cal Rb4c5]} h6 12. Nxf7 $1 (12. bxc5 hxg5 13. Nd5 Bxd5 $11) (12.
Nxe6 Nxe6 13. Bd2 Be7 $11) 12... Bxf7 13. bxc5 $14) 11... Nxe6 12. Rd1 Be7 13.
a4 O-O 14. Bd2 Re8 15. Bd3 g6 16. b3 Nd4 17. Rac1 Ng4 18. Qh3 Bg5 19. Bxg5 Qxg5
20. Nd5 h5 21. Qg3 {Strongly threatening f3.} f5 22. h4 Qd8 (22... Qh6 $5 {
[%cal Rf5e4]} 23. f3 fxe4 24. fxg4 exd3 25. Qxd3 hxg4 26. Nf6+ {[%mdl 64]
Double Attack} Kg7 27. Nxe8+ Rxe8 $11) 23. f3 f4 24. Qe1 $36 {[%mdl 2048]
White is pushing.} Nf6 25. Bc4 {Black must now prevent Nxf6+.} Kg7 {[#]} (25...
Nxd5 $14 26. Bxd5+ Kh7) 26. Rxd4 $1 $16 {[%mdl 576] Deflection} exd4 27. Nxf4 {
Qg3! is the strong threat.} d5 28. Bxd5 (28. Nxd5 $6 Nxd5 29. Bxd5 b5 $14)
28... Qb6 $2 (28... Nxd5 $16 29. Nxd5 Re5) 29. a5 $18 Qc5 30. Ne6+ ({Don't play
} 30. Bxb7 d3+ 31. Kh1 Rc7 $18) (30. Qg3 $142 d3+ 31. Kh1 Nxd5 32. Qxg6+ (32.
exd5 d2 $11) 32... Kf8 33. Qf5+ (33. exd5 d2 $11) (33. Nxd3 Qe7 $16) 33... Kg8
34. Qg5+ (34. exd5 d2 $11) (34. Nxh5 Kh8 $11) 34... Kf8 35. Qf5+ (35. Nxd3 Qe7
$18) 35... Kg8 36. Qg5+ (36. exd5 d2 $11) (36. Nxh5 Kh8 $11) 36... Kf8 37. Qf5+
(37. Nxh5 Qe7 $11)) 30... Rxe6 31. Bxe6 d3+ {[#]} 32. Kh1 $1 Qc3 {[#]} 33. Qxc3
({Inferior is} 33. Bxc8 d2 $11) 33... Rxc3 {[%mdl 4096] Endgame KRB-KRN} 34. e5
Ne8 35. Kg1 (35. Bd5 $142) 35... Rxc2 $2 (35... Nc7 $16 36. Bc4 dxc2) 36. Rd1
Rc5 (36... d2 {was necessary.} 37. Kf2 Nc7) 37. f4 Nc7 38. Bc4 Nd5 (38... Rxa5
{is a better defense.} 39. Rxd3 Rc5 40. Rd7+ Kf8) 39. Rxd3 {White is clearly
winning.} Nxf4 40. Rd7+ Kh6 41. g3 {Weighted Error Value: White=0.10/Black=0.41
} 1-0

[Event "23rd ETCC Open 2021"]
[Site "Catez"]
[Date "2021.11.20"]
[Round "8.46"]
[White "Stefansson, Hannes"]
[Black "Nguyen, Thai Dai Van"]
[Result "1/2-1/2"]
[WhiteElo "2519"]
[BlackElo "2594"]
[Annotator "ChessBase"]
[PlyCount "118"]
[EventDate "2021.11.08"]
[EventType "team-tourn"]
[EventCountry "SLO"]
[SourceTitle "playchess.com"]
[Source "ChessBase"]
[SourceQuality "1"]
[WhiteTeam "Iceland"]
[BlackTeam "Czech Republic"]
[WhiteTeamCountry "ISL"]
[BlackTeamCountry "CZE"]
[TimeControl "40/5400+30:1800+30"]

1. d4 Nf6 2. c4 e6 3. Nf3 d5 4. Nc3 c5 5. cxd5 cxd4 6. Qxd4 exd5 7. e4 dxe4 8.
Qxd8+ Kxd8 9. Ng5 Be6 10. Nxe6+ fxe6 11. Bg5 Nc6 12. O-O-O+ Ke8 13. Bb5 Rc8 14.
Kb1 Be7 15. Rhe1 Kf7 16. Bh4 Rhd8 17. Rxd8 Nxd8 18. Nxe4 Nxe4 19. Rxe4 Bxh4 20.
Rxh4 Rc5 21. Bd3 h6 22. Ra4 a6 23. h4 Ke7 24. Rg4 g5 25. Be4 Rc4 26. hxg5 hxg5
27. f3 Kf6 28. Rg3 Rc7 29. Rh3 Nf7 30. Rh1 Nd6 31. Bd3 Nf5 32. Re1 a5 33. g4
Nd4 34. Rf1 Ke5 35. Re1+ Kf6 36. Rf1 Ke5 37. Re1+ Kd6 38. Be4 b5 39. Rh1 Ke5
40. Rh8 Ne2 41. a3 Rc1+ 42. Ka2 a4 43. b3 Rf1 44. bxa4 bxa4 45. Bc6 Nc3+ 46.
Kb2 Kd4 47. Rd8+ Kc4 48. Bd7 Rf2+ 49. Kc1 Re2 50. Rb8 Re1+ 51. Kc2 Re2+ 52. Kc1
Kd3 53. Bb5+ Nxb5 54. Rxb5 Kc3 55. Rc5+ Kb3 56. Rxg5 Kxa3 57. Rb5 Ka2 58. f4
Re4 59. f5 exf5 1/2-1/2